|
|
|
|
| LEADER |
00000nas a22000007i 4500 |
| 001 |
ssj0024159 |
| 003 |
WaSeSS |
| 005 |
20200512172242.0 |
| 006 |
m d |
| 007 |
cr n |
| 008 |
990806d20002003aluqr p s 0 a0eng |
| 010 |
|
|
|a 2015201216
|
| 022 |
|
|
|a 2379-4518
|l 1526-2367
|y 1526-2367
|
| 035 |
|
|
|a (WaSeSS)ssj0024159
|
| 037 |
|
|
|c $50.00
|b Technovations, RLS, LLC, 534 Sundilla Court, Auburn, AL 36830
|
| 040 |
|
|
|a AU@
|b eng
|c AU@
|d OCLCQ
|d OCLCF
|d OCLCO
|d DLC
|d NTG
|d WaSeSS
|
| 042 |
|
|
|a pcc
|a nsdp
|
| 043 |
|
|
|a n-us---
|
| 050 |
0 |
0 |
|a Q183.3.A1
|b J685
|
| 082 |
1 |
0 |
|a 500
|2 13
|
| 082 |
1 |
4 |
|a 500
|2 13
|
| 210 |
0 |
|
|a J. SMET educ.
|b (Online)
|
| 222 |
|
0 |
|a Journal of SMET education
|b (Online)
|
| 245 |
0 |
0 |
|a Journal of SMET education
|h [electronic resource] :
|b innovations and research.
|
| 246 |
1 |
|
|a Journal of science, mathematics, engineering, and technology education
|
| 260 |
|
|
|a Auburn, AL :
|b The institute for SMET Education Research
|
| 310 |
|
|
|a Quarterly
|
| 362 |
1 |
|
|a Print began with: Volume 1, issue 1 (Jan./Apr. 2000); Ceased with: Volume 4, issue 1/2 (January/June 2003)
|
| 506 |
|
|
|a License restrictions may limit access.
|
| 588 |
|
|
|a Description based on: Volume 3, issue 3/4 (July/December 2002); title from PDF table fo contents (Proquest website, viewed on May 30, 2015).
|
| 588 |
|
|
|a Latest issue consulted: Volume 4, issue 1/2 (January/June 2003) (viewed on May 30, 2015).
|
| 650 |
|
0 |
|a Science
|x Study and teaching
|z United States
|v Periodicals.
|
| 650 |
|
0 |
|a Engineering
|x Study and teaching
|z United States
|v Periodicals.
|
| 650 |
|
0 |
|a Technical education
|x Study and teaching
|z United States
|v Periodicals.
|
| 650 |
|
7 |
|a Engineering
|x Study and teaching.
|2 fast
|0 (OCoLC)fst00910417
|
| 650 |
|
7 |
|a Science
|x Study and teaching.
|2 fast
|0 (OCoLC)fst01108387
|
| 650 |
|
7 |
|a Technical education
|x Study and teaching.
|2 fast
|0 (OCoLC)fst01144887
|
| 651 |
|
7 |
|a United States.
|2 fast
|0 (OCoLC)fst01204155
|
| 655 |
|
0 |
|a Electronic journals.
|
| 710 |
2 |
|
|a Institute for SMET Education and Research.
|
| 776 |
0 |
8 |
|i Print version:
|t Journal of SMET education
|x 1526-2367
|w (DLC)sn 99008979
|w (OCoLC)42024218
|
| 785 |
0 |
0 |
|t Journal of STEM education (Online)
|x 1557-5284
|w (DLC) 2005215149
|w (OCoLC)56080144
|
| 856 |
4 |
0 |
|z Full text available from Research Library: 07/01/2002 to 06/30/2003
|u https://search.proquest.com/publication/27549
|